Paesi più Grandi della Bolivia - Statistics

Statistiche generali
  • Questo quiz è stato fatto 88 volte
  • Il punteggio medio è 24 su 26
Statistiche sulle risposte
Superficie Paese % Corretto
8,514,877 Brasile
100%
9,984,670 Canada
100%
2,724,900 Kazakistan
100%
17,098,242 Russia
100%
9,826,675 Stati Uniti
100%
7,741,220 Australia
98%
9,596,961 Cina
98%
1,964,375 Messico
98%
1,861,484 Sudan
98%
2,381,741 Algeria
96%
2,780,400 Argentina
96%
1,564,116 Mongolia
96%
2,149,690 Arabia Saudita
92%
3,287,263 India
92%
2,344,858 Rep. Dem. del Congo
92%
1,648,195 Iran
90%
1,219,090 Sudafrica
90%
1,138,910 Colombia
88%
1,904,569 Indonesia
88%
1,759,540 Libia
88%
1,240,192 Mali
84%
1,267,000 Niger
84%
1,284,000 Ciad
80%
1,285,216 Perù
78%
1,246,700 Angola
76%
1,104,300 Etiopia
71%
Nessun quiz corrispondente trovato
Distribuzione punteggi
Percentuale di utenti per punteggio
Percentile per numero di risposta
I tuoi punteggi nel tempo
Non hai fatto questo quiz